000 00765nam a2200205 i 4500
001 22564
003 ES-MaACL
005 20250930063038.0
007 t|
008 021203s1970 sp ||||1| spa d
100 0 _aAlonso Madero, Antonio
_920186
245 1 3 _aEl acuerdo España-Mercado Común
_b: comentarios y texto... /
_cAntonio Alonso Madero, Camilo Barcia ; prólogo de José Luis Cerón.
260 _a[Madrid] :
_bAsociación para el Progreso de la Dirección,
_c[1970]
300 _aXIX, 439 p. ;
_c27 cm.
700 1 _aBarcia Trelles, Camilo,
_d1888-1977
_925548
700 1 _aCerón, José Luis.
_937543
710 2 _aAsociación para el Progreso de la Dirección.
_91775
852 _aES-MaACL
_jC-37295
_bR.75151
999 _c22564
_d22564